000 00733nas a2200253 4500
001 BR0905125
003 BR-BrBNA
005 20231205113609.0
007 ta
008 230509b bl.|||p| |||| 00| 00por d
040 _aBR-BrBNA
_bpor
_cBiblioteca Nacional de Agricultura
041 _a(Pt)
072 _aL74
100 1 _aRibeiro, A.P.
100 1 _aMartins, B. da C.
100 1 _aLaus, J.L.
245 1 _aSíndrome glaucomatosa em cães-Parte II
_bRevisão Bibliográfica
650 _aCÃO
650 _aOLHO
650 _aPRESSÃO ARTERIAL
773 0 _tCiência Rural (Brazil)
_xISSN 0103-8478
_g(Nov-Dec 2007), v. 37(6) p. 1828-1835
_wBR0905125
909 _a202311
_bLúcia
_c55
_dLúcia Elande
942 _2AGRIS
_n0
_cANA
999 _c204635
_d204635